000 00516nam a22001817a 4500
999 _c40600
_d40600
003 OSt
005 20201119110621.0
008 191014b ||||| |||| 00| 0 eng d
020 _a9780670090181
040 _coclc
082 _a891.4487109
_bNAS/S
100 _aNasrin, Taslima
_95644
245 _aSplit A Life /
_cTaslima Nasrin
260 _aGurgaon:
_bPenguin,
_c2018.
300 _a503p
700 1 _aChakraborty,Maharghya
942 _2ddc
_cBK
_h891.4487109
_iNAS/S
_k891.4487109
_mNAS/S